| 000 | 01723nas a2200421 i 4500 | ||
|---|---|---|---|
| 999 |
_c7954 _d7954 |
||
| 001 | 991061120058106706 | ||
| 003 | OSt | ||
| 005 | 20241028130723.0 | ||
| 008 | 240416c20239999spcfr p |||| 0 b0cat| | ||
| 015 |
_aSE2024 _2bnc |
||
| 017 |
_aB 18858-2023 _bBiblioteca de Catalunya |
||
| 040 |
_aES-BaBC _bcat _erda _cCDMR |
||
| 043 |
_ae-sp--- _be-spc-- _2catmarc |
||
| 080 |
_a658.8 _x(460.23) _x(05) _22004 |
||
| 080 |
_a659.1 _x(460.23) _x(05) _22004 |
||
| 080 |
_a659.4 _x(460.23) _x(05) _22004 |
||
| 080 |
_a316.77 _x(460.23) _x(05) _22004 |
||
| 130 | 0 | _aImpactes (2023). | |
| 245 | 1 | 0 |
_aImpactes : _bla revista del màrqueting i la comunicació de Catalunya _c/ Col·legi Oficial del Màrqueting i la Comunicació de Catalunya |
| 264 | 1 |
_a[Barcelona] : _bCol·legi Oficial del Màrqueting i la Comunicació de Catalunya, _c2023- |
|
| 300 |
_avolum : _bil·lustracions ; _c31 cm |
||
| 310 | _aSemestral | ||
| 362 | 0 | _aNúmero 1 (des. 2023/gen. 2024)- | |
| 515 | _aNúm. preliminar: Número 0 | ||
| 530 | _aTambé es publica en línia | ||
| 588 | 0 | _aDescripció basada en: Número 1 (des. 2023/gen. 2024) ; títol obtingut de la coberta | |
| 588 | 1 | _aDarrer número consultat: Número 1 (des. 2023/gen. 2024) | |
| 650 | 7 |
_aMàrqueting _zCatalunya _vRevistes. _2lemac |
|
| 650 | 7 |
_aPublicitat _zCatalunya _vRevistes. _2lemac |
|
| 650 | 7 |
_aRelacions públiques _zCatalunya _vRevistes. _2lemac |
|
| 650 | 7 |
_aComunicació _zCatalunya _vRevistes. _2lemac |
|
| 710 | 2 | _aCol·legi Oficial del Màrqueting i la Comunicació de Catalunya. | |
| 752 |
_aCatalunya _bBarcelona (Província) _cBarcelonès _dBarcelona |
||
| 856 |
_uhttps://www.impactes.cat/ _zAccés lliure |
||
| 908 |
_aBC _aUAO |
||
| 940 | _aBC | ||
| 942 |
_2udc _cSER |
||